Diseño de un modelo administrativo para un centro de capacitación de personal de empresas relacionadas con el servicio de transporte aéreo
Guardado en:
| Autor principal: | |
|---|---|
| Otros Autores: | |
| Formato: | Libro |
| Publicado: |
San José, Costa Rica
1991
|
| Materias: | |
| Etiquetas: |
Agregar Etiqueta
Sin Etiquetas, Sea el primero en etiquetar este registro!
|
MARC
| LEADER | 00000nam a2200000Ia 4500 | ||
|---|---|---|---|
| 003 | 007367 | ||
| 005 | 20221231144304.0 | ||
| 008 | 140114s1991 cr a m 000 ||s d | ||
| 040 | |c cru CEDI | ||
| 090 | |a TFG 3089 | ||
| 100 | |a Baltodano Ch., Luis Diego |9 11368 | ||
| 245 | |a Diseño de un modelo administrativo para un centro de capacitación de personal de empresas relacionadas con el servicio de transporte aéreo | ||
| 260 | |c 1991 |a San José, Costa Rica | ||
| 300 | |a xi, 311 hojas : ilustraciones ; 28 cm | ||
| 500 | |a Tesis (licenciatura en administracion de negocios)-- Universidad de Costa Rica. Facultad de Ciencias Económicas. Escuela de Administracion de Negocios | ||
| 650 | |x CAPACITACION DE EMPLEADOS |x AVIACION |x CENTROS DE CAPACITACION - ADMINISTRACION |9 11370 | ||
| 700 | |9 11369 |a Zamora R., Arnoldo E. | ||
| 942 | |c TFG | ||
| 999 | |c 19639 |d 19639 | ||
